Pink Riding Hood dan serigala tembam (Record no. 125669)

MARC details
000 -LEADER
fixed length control field 00721nam a2200265 i 4500
001 - CONTROL NUMBER
control field C2-0325973
003 - CONTROL NUMBER IDENTIFIER
control field PPAK
005 - DATE AND TIME OF LATEST TRANSACTION
control field 20180728123929.0
008 - FIXED-LENGTH DATA ELEMENTS--GENERAL INFORMATION
fixed length control field 140311s2013 my |||| ||||| | may d
020 ## - INTERNATIONAL STANDARD BOOK NUMBER
International Standard Book Number 9789670411231
040 ## - CATALOGING SOURCE
Original cataloging agency PPAK
Language of cataloging eng
Transcribing agency PPAK
Description conventions rda
082 04 - DEWEY DECIMAL CLASSIFICATION NUMBER
Classification number 899.233
Edition number 23
090 00 - LOCALLY ASSIGNED LC-TYPE CALL NUMBER (OCLC); LOCAL CALL NUMBER (RLIN)
Classification number (OCLC) (R) ; Classification number, CALL (RLIN) (NR) 899.233
Feature heading AIN
Feature heading G
100 0# - MAIN ENTRY--PERSONAL NAME
Personal name Ain Maisarah,
Relator term author
245 10 - TITLE STATEMENT
Title Pink Riding Hood dan serigala tembam
264 #1 - PRODUCTION, PUBLICATION, DISTRIBUTION, MANUFACTURE, AND COPYRIGHT NOTICE
Place of production, publication, distribution, manufacture Batu Caves, Selangor :
Name of producer, publisher, distributor, manufacturer Blink Book ,
Date of production, publication, distribution, manufacture, or copyright notice 2013
300 ## - PHYSICAL DESCRIPTION
Extent 252 pages ;
Dimensions 19 cm
336 ## - CONTENT TYPE
Source rdacontent
Content type term text
337 ## - MEDIA TYPE
Source rdamedia
Media type term unmediated
338 ## - CARRIER TYPE
Source rdacarrier
Carrier type term volume
650 10 - SUBJECT ADDED ENTRY--TOPICAL TERM
Topical term or geographic name entry element Malay fiction.
700 ## - ADDED ENTRY--PERSONAL NAME
Relator term author
Personal name Nurismaliza Ismail,
Relator term editor
942 ## - ADDED ENTRY ELEMENTS (KOHA)
-- dc
Koha item type Book
Holdings
Withdrawn Not for loan Current library Shelving location Date acquired Total Checkouts Total Renewals Full call number Barcode Date last seen Date last checked out Koha item type
    Perpustakaan Alor Setar Pinjaman Dewasa 18/03/2014 13 4 899.233 AIN A01443336 28/12/2025 06/12/2025 Book
    Perpustakaan Baling Pinjaman Dewasa 18/03/2014 7   899.233 AIN A01443341 25/10/2022 24/09/2022 Book
    Perpustakaan Jitra Pinjaman Dewasa 18/03/2014 5 1 899.233 AIN A01443339 12/02/2025 08/01/2025 Book
    Perpustakaan Kulim Pinjaman Dewasa 18/03/2014 8   899.233 AIN A01443340 18/02/2024 28/01/2024 Book
    Perpustakaan Merbok Pinjaman Dewasa 18/03/2014 2   899.233 AIN A01443342 16/03/2020 07/03/2020 Book